000 01286cam a22003497a 4500
003 CHAP
005 20220817042334.0
008 971013d1981 tw r 00010 eng d
010 _a41399
011 _a42371
035 _a46500
040 _cCHAP
082 _a301.35
_bF66
110 _aFood and Fertilizer Technology Center for the Asian and Pacific Region
245 0 _aSupport communication for rural development programs
260 _aTaipei, Taiwan :
_bFood and Fertilizer Technology Center for the Asian and Pacific Region,
_c1981
300 _a160 p.
410 _aFood and Fertilizer Technology Center for the Asian and Pacific Region
490 0 _aFFTC. Book series
_v; 21
590 _aBATCH-UPD
_b10
_c20130110
_lUCH01
_h0955
590 _aBATCH-UPD
_b10
_c20130410
_lUCH01
_h0608
590 _aBATCH-UPD
_b10
_c20130914
_lUCH01
_h1024
590 _aCONVERSION
_b10
_c20130109
_lUCH01
_h1323
650 1 4 _aComunicación en agricultura.
_926212
650 1 4 _aDesarrollo rural.
_932067
810 _aFood and Fertilizer Technology Center for the Asian and Pacific Region
830 0 _aFFTC. Book series
_v; 21
_940685
901 _aBK
905 _aMarco A. Mendoza T.
942 _cLIBRO
949 _a301.35 F66
_bBC
_cLIBRO
_d33724000293817
_eLIBRO
_h58381
_i46500
_mD
_si
999 _c41399
_d41399